Statistics for Rivers by Capital

Click here to take the quiz!

General Stats

  • This quiz has been taken 45 times
  • The average score is 12 of 24

Answer Stats

Capital River % Correct
ParisSeine
97%
LondonThames
94%
BudapestDanube
94%
KhartoumNile
86%
BaghdadTigris
81%
WashingtonPotomac
78%
Phnom PenhMekong
75%
Buenos AiresRío de la Plata
72%
BamakoNiger
72%
KinshasaCongo
69%
KievDnieper
64%
WarsawVistula
56%
DublinLiffey
50%
MoscowMoskva
44%
LisbonTagus
42%
BerlinSpree
42%
ZagrebSava
28%
PragueVltava
25%
OttawaOttawa
19%
MadridManzanares
19%
BernAare
17%
New DelhiYamuna
8%
NairobiNairobi
6%
CanberraMolonglo
6%

Score Distribution

Percentile by Number Answered

Percent of People with Each Score

Your Score History

You have not taken this quiz